Chansons de Rolling Stones - Mort Subite - Statistiques

Statistiques générales
  • Ce quiz a été pris 79 fois
  • Le résultat moyen est 13 sur 20
Answers on the Grid
Answers color-coded by a green-red scale on the quiz's grid according to % correct below.
About A Girl
Angie
Another One Bites The Dust
Beast Of Burden
Brighton Rock
Brown Sugar
Can't You Hear Me Knocking
Changes
Children Of The Grave
Gimme Shelter
Honky Tonk Women
(I Can't Get No) Satisfaction
Jumpin' Jack Flash
Kickstart My Heart
Knockin' On Heaven's Door
Let's Spend The Night Together
Light My Fire
Miss You
N.I.B.
Paint It, Black
Ruby Tuesday
Save Me
Seven Seas of Rhye
She's A Rainbow
Smoke On The Water
Start Me Up
Sweet Virginia
Sympathy For The Devil
Under My Thumb
Waiting On A Friend
Wild Horses
Would?
You Can't Always Get What You Want
 
Statistiques - réponses
Réponse % Correct
Angie
95%
(I Can't Get No) Satisfaction
91%
Paint It, Black
91%
Sympathy For The Devil
82%
Brown Sugar
75%
Start Me Up
74%
Gimme Shelter
72%
Jumpin' Jack Flash
72%
Miss You
69%
You Can't Always Get What You Want
69%
Under My Thumb
66%
Wild Horses
66%
Honky Tonk Women
65%
She's A Rainbow
65%
Let's Spend The Night Together
58%
Ruby Tuesday
55%
Beast Of Burden
52%
Can't You Hear Me Knocking
48%
Sweet Virginia
42%
Waiting On A Friend
34%
Aucun quiz correspondant
Distribution des résultats
% des personnes avec chaque résultat
Percentile par nombre de réponses
Votre historique - résultats
Vous n’avez pas pris ce quiz